| 000 | 00364cam a2200145ua 4500 | ||
|---|---|---|---|
| 041 |
_aeng _h |
||
| 082 |
_a828.09 _bPAR/BR |
||
| 100 | _aPartridge , Edward B . | ||
| 245 |
_aBroken compass / _cEdward B Partridge. _hTextual Documents |
||
| 260 |
_aLondon : _bChatto and Windus , _c1964. |
||
| 300 | _a254 ; . | ||
| 504 | _a | ||
| 942 | _cBK | ||
| 999 |
_c12872 _d12872 |
||